[Event "Mukachevo IM June 2019"]
[Site "Mukachevo"]
[Date "2019.06.25"]
[Round "2.4"]
[White "Terletsky, Oleg"]
[Black "Vachylia, Andrii"]
[Result "1-0"]
[WhiteElo "2318"]
[BlackElo "2263"]
[Annotator "ChessBase"]
[PlyCount "71"]
[EventDate "2019.06.24"]
[EventType "tourn"]
[EventCountry "UKR"]
[SourceTitle "playchess.com"]
[Source "ChessBase"]
[SourceQuality "1"]
[TimeControl "40/5400+30:900+30"]

1. e4 {[%emt 0:01:12]} c5 {[%emt 0:00:00]} 2. Nf3 {[%emt 0:00:05]} d6 {[%emt 0:00:00]} 3. d4 {[%emt 0:00:09]} cxd4 {[%emt 0:00:00]} 4. Nxd4 {[%emt 0:00:06]} Nf6 {[%emt 0:00:02]} 5. Nc3 {[%emt 0:00:07]} a6 {[%emt 0:00:06]} 6. Be3 {[%emt 0:00:05]} e5 {[%emt 0:00:11]} 7. Nb3 {[%emt 0:00:05]} Be6 {[%emt 0:00:28]} 8. f3 {[%emt 0:00:08]} Be7 {[%emt 0:00:15]} 9. Qd2 {[%emt 0:00:08]} O-O {[%emt 0:00:57]} 10. O-O-O {[%emt 0:00:17]} Nbd7 {[%emt 0:00:18]} 11. g4 {[%emt 0:00:09]} b5 {[%emt 0:00:06]} 12. g5 {[%emt 0:00:09]} b4 {[%emt 0:00:17]} 13. Ne2 {[%emt 0:00:23]} Ne8 {[%emt 0:00:17]} 14. f4 {[%emt 0:00:07]} a5 {[%emt 0:00:15]} 15. f5 {[%emt 0:02:43]} Bxb3 {[%emt 0:00:19]} 16. cxb3 {[%emt 0:02:12]} a4 {[%emt 0:00:10]} 17. bxa4 {[%emt 0:02:04]} Rxa4 {[%emt 0:00:06]} 18. Kb1 {[%emt 0:00:41]} Rxa2 {[%emt 0:00:10]} 19. Nc1 {[%emt 0:03:25]} Ra8 {[%emt 0:02:55]} 20. Nb3 {[%emt 0:06:53]} Nc7 {[%emt 0:24:02]} 21. Bc4 {[%emt 0:03:12]} Kh8 {[%emt 0:01:21]} 22. h4 {[%emt 0:03:18]} Qc8 {[%emt 0:07:23]} 23. h5 {[%emt 0:08:46]} d5 {[%emt 0:00:36]} 24. exd5 {[%emt 0:02:18]} Na6 {[%emt 0:01:43]} 25. Qc2 {[%emt 0:06:32]} Bc5 {[%emt 0:01:48]} 26. Bc1 {[%emt 0:02:24]} Nb6 {[%emt 0:01:19]} 27. Bb5 {[%emt 0:00:18]} Bd6 {[%emt 0:01:56]} 28. Bc6 {[%emt 0:05:26]} Rb8 {[%emt 0:30:50]} 29. g6 {[%emt 0:03:17]} Nc5 {[%emt 0:02:44]} 30. h6 {[%emt 0:07:17]} Nxb3 {[%emt 0:14:20]} 31. hxg7+ {[%emt 0:01:21]} Kxg7 {[%emt 0:00:02]} 32. f6+ {[%emt 0:00:54]} Kxf6 {[%emt 0:00:09]} 33. Rdf1+ {[%emt 0:00:12]} Ke7 {[%emt 0:00:12]} 34. Bg5+ {[%emt 0:00:23]} f6 {[%emt 0:00:05]} 35. Rxh7+ {[%emt 0:00:05]} Kd8 {[%emt 0:00:02]} 36. Rxf6 {[%emt 0:00:23]} 1-0

[Event "Mukachevo IM June 2019"]
[Site "Mukachevo"]
[Date "2019.06.25"]
[Round "2.5"]
[White "Larkin, Vladyslav"]
[Black "Terbe, Zsuzsanna"]
[Result "1/2-1/2"]
[WhiteElo "2398"]
[BlackElo "2160"]
[Annotator "TA"]
[PlyCount "67"]
[EventDate "2019.06.24"]
[EventType "tourn"]
[EventCountry "UKR"]
[SourceTitle "playchess.com"]
[Source "ChessBase"]
[SourceQuality "1"]

{[%evp 11,67,0,27,12,28,-20,-1,-9,15,12,35,25,24,16,31,32,62,44,67,29,23,20,49,30,53,27,34,36,33,10,28,0,0,0,0,2,11,9,15,9,0,0,8,0,45,45,81,35,38,0,77,67,66,39,32,-12,0,0]} 1. d4 d5 2. Bf4 Nf6 3. e3 e6 4. Nd2 c5 5. c3 Nc6 6. Ngf3 cxd4 7. exd4 {D02: 1 d4 d5 2 Nf3 sidelines, including 2...Nf6 3 g3 and 2...Nf6 3 Bf4} Nh5 8. Bg3 (8. Be3 {with more complications.} Bd6 9. Ne5 g6 10. Ndf3 f6 11. Ng4) (8. Bg5 f6 9. Be3 Bd6 10. g3 O-O 11. Nh4 g6 12. Be2 Ng7 13. O-O e5 14. dxe5 fxe5 {½-½ (59) Aronian,L (2767)-Nakamura,H (2777) chess.com INT 2018}) 8... Nxg3 9. hxg3 Be7 10. Bd3 h6 11. Qe2 Bd7 12. Nf1 a6 $146 ({Predecessor:} 12... Qa5 13. Ne3 O-O-O 14. a4 {1-0 (45) Hruskovic,M (2110)-Konopkova,N (2065) Slovakia 1994}) 13. Ne3 b5 14. g4 b4 15. g5 bxc3 16. bxc3 Qa5 17. Qd2 Rb8 18. gxh6 Rxh6 19. Rxh6 gxh6 20. Ke2 Na7 21. Ne5 Nb5 22. Nd1 {Threatens to win with Qf4.} Bg5 23. f4 Bf6 24. Rb1 {[%cal Ba1b1,Bb1b3,Bb3a3][%mdl 32]} Rc8 25. Rb3 Nd6 26. Nxd7 Kxd7 27. Qb2 Rg8 28. Ne3 Rc8 29. Ra3 Qc7 30. Rb3 Qa5 31. Ng4 Bg7 32. Ra3 Qc7 33. Ne3 Bf6 34. Rb3 {Accuracy: White = 47%, Black = 33%.} 1/2-1/2

[Event "Mukachevo IM June 2019"]
[Site "Mukachevo"]
[Date "2019.06.25"]
[Round "3.1"]
[White "Terbe, Zsuzsanna"]
[Black "Sakun, Volodymyr"]
[Result "0-1"]
[WhiteElo "2160"]
[BlackElo "2349"]
[Annotator "NA"]
[PlyCount "72"]
[EventDate "2019.06.24"]
[EventType "tourn"]
[EventCountry "UKR"]
[SourceTitle "playchess.com"]
[Source "ChessBase"]
[SourceQuality "1"]
[TimeControl "40/5400+30:900+30"]

1. d4 {[%emt 0:00:00]} Nf6 {[%emt 0:00:00]} 2. Bf4 {[%emt 0:00:00]} g6 {[%emt 0:00:00]} 3. e3 {[%emt 0:00:00]} Bg7 {[%emt 0:00:00]} 4. Nf3 {[%emt 0:00:00]} O-O {[%emt 0:00:00]} 5. Be2 {[%emt 0:00:00]} d6 {[%emt 0:00:00]} 6. h3 {[%emt 0:00:02]} Nc6 {[%emt 0:00:00]} 7. O-O {[%emt 0:00:17]} Nd7 {[%emt 0:00:01]} 8. Bh2 {[%emt 0:00:28]} e5 {[%emt 0:00:11]} 9. c3 {[%emt 0:01:31]} Qe7 {[%emt 0:02:04]} 10. Re1 {[%emt 0:02:58]} f5 {[%emt 0:02:16]} 11. b4 {[%emt 0:02:43]} g5 {[%emt 0:05:42]} 12. Na3 {[%emt 0:05:31]} g4 {[%emt 0:06:06]} 13. hxg4 {[%emt 0:00:40]} fxg4 {[%emt 0:00:10]} 14. Nd2 {[%emt 0:00:31]} h5 {[%emt 0:00:48]} 15. Qb3+ {[%emt 0:07:16]} Kh8 {[%emt 0:01:02]} 16. Nb5 {[%emt 0:01:12]} Nf6 {[%emt 0:04:21]} 17. dxe5 {[%emt 0:00:46]} Nxe5 {[%emt 0:03:11]} 18. Rad1 {[%emt 0:02:43]} Bf5 {[%emt 0:02:20]} 19. Nd4 {[%emt 0:01:27]} Bg6 {[%emt 0:04:21]} 20. c4 {[%emt 0:04:02]} Ne4 {[%emt 0:02:46]} 21. Nxe4 {[%emt 0:00:50]} Bxe4 {[%emt 0:00:14]} 22. c5 {[%emt 0:05:16]} Rf6 {[%emt 0:10:22]} 23. cxd6 {[%emt 0:02:54]} cxd6 {[%emt 0:04:15]} 24. Bf4 {[%emt 0:04:26]} Rg6 {[%emt 0:14:16]} 25. Bf1 {[%emt 0:02:13]} Nf3+ {[%emt 0:10:12]} 26. Nxf3 {[%emt 0:01:32]} gxf3 {[%emt 0:01:31]} 27. g3 {[%emt 0:02:17]} h4 {[%emt 0:02:30]} 28. Rd2 {[%emt 0:02:47]} Be5 {[%emt 0:04:34]} 29. Qc4 {[%emt 0:05:10]} d5 {[%emt 0:04:29]} 30. Bxe5+ {[%emt 0:01:46]} Qxe5 {[%emt 0:00:15]} 31. Qd4 {[%emt 0:00:09]} Qxd4 {[%emt 0:05:08]} 32. Rxd4 {[%emt 0:00:06]} hxg3 {[%emt 0:02:44]} 33. fxg3 {[%emt 0:00:08]} Rh6 {[%emt 0:04:18]} 34. Rc1 {[%emt 0:06:22]} f2+ {[%emt 0:01:17]} 35. Kxf2 {[%emt 0:00:06]} Rf8+ {[%emt 0:00:12]} 36. Ke1 {[%emt 0:00:15]} Rxf1+ {[%emt 0:00:47]} 0-1

[Event "Mukachevo IM June 2019"]
[Site "Mukachevo"]
[Date "2019.06.25"]
[Round "3.2"]
[White "Vachylia, Andrii"]
[Black "Larkin, Vladyslav"]
[Result "1/2-1/2"]
[WhiteElo "2263"]
[BlackElo "2398"]
[Annotator "NA"]
[PlyCount "109"]
[EventDate "2019.06.24"]
[EventType "tourn"]
[EventCountry "UKR"]
[SourceTitle "playchess.com"]
[Source "ChessBase"]
[SourceQuality "1"]
[TimeControl "40/5400+30:900+30"]

1. d4 {[%emt 0:00:00]} d5 {[%emt 0:00:00]} 2. c4 {[%emt 0:00:00]} c6 {[%emt 0:00:00]} 3. Nf3 {[%emt 0:00:00]} Nf6 {[%emt 0:00:00]} 4. Nc3 {[%emt 0:00:00]} e6 {[%emt 0:02:07]} 5. Bg5 {[%emt 0:00:00]} Be7 {[%emt 0:00:08]} 6. e3 {[%emt 0:00:16]} Nbd7 {[%emt 0:00:07]} 7. Qc2 {[%emt 0:00:15]} O-O {[%emt 0:00:36]} 8. cxd5 {[%emt 0:00:08]} cxd5 {[%emt 0:08:10]} 9. Bd3 {[%emt 0:00:23]} a6 {[%emt 0:00:06]} 10. O-O {[%emt 0:00:13]} h6 {[%emt 0:00:13]} 11. Bh4 {[%emt 0:00:22]} b5 {[%emt 0:00:42]} 12. a4 {[%emt 0:05:37]} b4 {[%emt 0:00:09]} 13. Ne2 {[%emt 0:00:06]} Bb7 {[%emt 0:00:44]} 14. Nc1 {[%emt 0:00:07]} g5 {[%emt 0:31:39]} 15. Bg3 {[%emt 0:00:06]} Ne4 {[%emt 0:00:03]} 16. Nb3 {[%emt 0:04:36]} Nxg3 {[%emt 0:05:55]} 17. hxg3 {[%emt 0:00:28]} Bd6 {[%emt 0:00:22]} 18. Qe2 {[%emt 0:11:20]} f5 {[%emt 0:09:46]} 19. g4 {[%emt 0:05:47]} fxg4 {[%emt 0:09:25]} 20. Nfd2 {[%emt 0:00:10]} Nf6 {[%emt 0:01:42]} 21. e4 {[%emt 0:00:10]} e5 {[%emt 0:02:24]} 22. dxe5 {[%emt 0:00:48]} Bxe5 {[%emt 0:00:06]} 23. Nc5 {[%emt 0:00:07]} Qb6 {[%emt 0:08:12]} 24. Nxb7 {[%emt 0:00:17]} Qxb7 {[%emt 0:02:54]} 25. exd5 {[%emt 0:00:26]} Bxb2 {[%emt 0:03:46]} 26. Rab1 {[%emt 0:06:03]} Bd4 {[%emt 0:00:41]} 27. Ne4 {[%emt 0:00:19]} Qb6 {[%emt 0:05:22]} 28. a5 {[%emt 0:00:34]} Qa7 {[%emt 0:05:03]} 29. Rxb4 {[%emt 0:01:04]} Kh8 {[%emt 0:01:34]} 30. Rfb1 {[%emt 0:13:11]} Nxe4 {[%emt 0:00:24]} 31. Qxe4 {[%emt 0:00:04]} Bxf2+ {[%emt 0:00:04]} 32. Kh1 {[%emt 0:00:04]} Rae8 {[%emt 0:01:57]} 33. Qxg4 {[%emt 0:01:37]} Qe3 {[%emt 0:01:34]} 34. Bg6 {[%emt 0:03:39]} Be1 {[%emt 0:00:23]} 35. Qd4+ {[%emt 0:01:04]} Re5 {[%emt 0:00:23]} 36. Qxe3 {[%emt 0:01:11]} Rxe3 {[%emt 0:00:01]} 37. Re4 {[%emt 0:03:58]} Rxe4 {[%emt 0:00:59]} 38. Bxe4 {[%emt 0:00:03]} Bxa5 {[%emt 0:00:02]} 39. d6 {[%emt 0:00:44]} Re8 {[%emt 0:01:10]} 40. Bb7 {[%emt 0:00:00]} Rd8 {[%emt 0:00:00]} 41. Rd1 {[%emt 0:00:37]} Bb4 {[%emt 0:00:34]} 42. d7 {[%emt 0:00:08]} a5 {[%emt 0:00:06]} 43. g4 {[%emt 0:00:19]} Kg7 {[%emt 0:00:08]} 44. Bc6 {[%emt 0:00:17]} Kf6 {[%emt 0:01:40]} 45. Kg2 {[%emt 0:00:12]} Ke7 {[%emt 0:00:04]} 46. Rd3 {[%emt 0:01:13]} Bc5 {[%emt 0:02:17]} 47. Rd5 {[%emt 0:00:28]} Bb6 {[%emt 0:01:06]} 48. Ba4 {[%emt 0:00:28]} Ke6 {[%emt 0:01:12]} 49. Rb5 {[%emt 0:02:14]} Bc7 {[%emt 0:00:05]} 50. Rc5 {[%emt 0:00:10]} Kd6 {[%emt 0:01:36]} 51. Rf5 {[%emt 0:02:39]} Ke7 {[%emt 0:00:42]} 52. Rf3 {[%emt 0:00:31]} Rb8 {[%emt 0:01:36]} 53. Re3+ {[%emt 0:01:17]} Kd6 {[%emt 0:00:05]} 54. Rd3+ {[%emt 0:01:38]} Ke7 {[%emt 0:00:16]} 55. Re3+ {[%emt 0:00:10]} 1/2-1/2

[Event "Mukachevo IM June 2019"]
[Site "Mukachevo"]
[Date "2019.06.25"]
[Round "3.3"]
[White "Tiba, Vladyslav"]
[Black "Terletsky, Oleg"]
[Result "0-1"]
[WhiteElo "2375"]
[BlackElo "2318"]
[Annotator "NA"]
[PlyCount "84"]
[EventDate "2019.06.24"]
[EventType "tourn"]
[EventCountry "UKR"]
[SourceTitle "playchess.com"]
[Source "ChessBase"]
[SourceQuality "1"]
[TimeControl "40/5400+30:900+30"]

1. e4 {[%emt 0:00:00]} e5 {[%emt 0:00:00]} 2. Nf3 {[%emt 0:00:00]} Nc6 {[%emt 0:00:00]} 3. Bb5 {[%emt 0:00:57]} a6 {[%emt 0:00:00]} 4. Ba4 {[%emt 0:00:05]} Nf6 {[%emt 0:00:00]} 5. O-O {[%emt 0:00:07]} Be7 {[%emt 0:00:00]} 6. Re1 {[%emt 0:00:05]} b5 {[%emt 0:00:00]} 7. Bb3 {[%emt 0:00:04]} d6 {[%emt 0:01:33]} 8. c3 {[%emt 0:00:10]} O-O {[%emt 0:00:06]} 9. h3 {[%emt 0:00:03]} Bb7 {[%emt 0:00:04]} 10. d4 {[%emt 0:00:12]} Re8 {[%emt 0:00:08]} 11. Nbd2 {[%emt 0:00:14]} Bf8 {[%emt 0:00:10]} 12. d5 {[%emt 0:01:18]} Ne7 {[%emt 0:00:07]} 13. Nf1 {[%emt 0:02:44]} Ng6 {[%emt 0:00:07]} 14. Ng3 {[%emt 0:03:47]} c6 {[%emt 0:02:18]} 15. dxc6 {[%emt 0:07:32]} Bxc6 {[%emt 0:00:03]} 16. Bg5 {[%emt 0:00:10]} h6 {[%emt 0:00:29]} 17. Bxf6 {[%emt 0:04:41]} Qxf6 {[%emt 0:00:03]} 18. Nh5 {[%emt 0:09:24]} Qe7 {[%emt 0:01:55]} 19. Nh2 {[%emt 0:02:17]} Rad8 {[%emt 0:04:22]} 20. Ng4 {[%emt 0:13:47]} Nf4 {[%emt 0:12:06]} 21. Nxf4 {[%emt 0:11:04]} exf4 {[%emt 0:00:03]} 22. Qd2 {[%emt 0:00:25]} Qg5 {[%emt 0:02:24]} 23. Qd3 {[%emt 0:05:23]} Qg6 {[%emt 0:07:36]} 24. Bd5 {[%emt 0:03:49]} Bxd5 {[%emt 0:02:13]} 25. Qxd5 {[%emt 0:00:07]} h5 {[%emt 0:00:05]} 26. Nh2 {[%emt 0:00:29]} Re5 {[%emt 0:00:07]} 27. Qc6 {[%emt 0:09:46]} Rc5 {[%emt 0:08:21]} 28. Qb6 {[%emt 0:04:00]} Rg5 {[%emt 0:00:35]} 29. Kh1 {[%emt 0:10:23]} Rxg2 {[%emt 0:02:21]} 30. Nf3 {[%emt 0:00:31]} Be7 {[%emt 0:01:12]} 31. Re2 {[%emt 0:01:35]} Rg5 {[%emt 0:25:15]} 32. Nxg5 {[%emt 0:08:06]} Qxg5 {[%emt 0:01:36]} 33. Rg1 {[%emt 0:01:23]} Qh4 {[%emt 0:00:36]} 34. Kg2 {[%emt 0:00:55]} Bg5 {[%emt 0:05:07]} 35. Qc6 {[%emt 0:01:19]} f3+ {[%emt 0:05:07]} 36. Kxf3 {[%emt 0:00:03]} Qxh3+ {[%emt 0:00:06]} 37. Rg3 {[%emt 0:00:04]} Qh1+ {[%emt 0:00:06]} 38. Rg2 {[%emt 0:00:09]} h4 {[%emt 0:00:05]} 39. Qd5 {[%emt 0:00:49]} Qh3+ {[%emt 0:00:30]} 40. Rg3 {[%emt 0:00:00]} hxg3 {[%emt 0:00:00]} 41. Qxg5 {[%emt 0:00:38]} g2+ {[%emt 0:00:41]} 42. Kf4 {[%emt 0:01:01]} f6 {[%emt 0:01:18]} 0-1

[Event "Mukachevo IM June 2019"]
[Site "Mukachevo"]
[Date "2019.06.25"]
[Round "3.4"]
[White "Oros, Robert"]
[Black "Karelina, Polina"]
[Result "1-0"]
[WhiteElo "2321"]
[BlackElo "1718"]
[Annotator "NA"]
[PlyCount "91"]
[EventDate "2019.06.24"]
[EventType "tourn"]
[EventCountry "UKR"]
[SourceTitle "playchess.com"]
[Source "ChessBase"]
[SourceQuality "1"]
[TimeControl "40/5400+30:900+30"]

1. e4 {[%emt 0:00:00]} d6 {[%emt 0:00:00]} 2. d4 {[%emt 0:00:04]} Nf6 {[%emt 0:00:39]} 3. Nc3 {[%emt 0:00:07]} c6 {[%emt 0:00:39]} 4. Nf3 {[%emt 0:03:58]} Bg4 {[%emt 0:00:16]} 5. h3 {[%emt 0:03:20]} Bh5 {[%emt 0:00:17]} 6. Bd3 {[%emt 0:01:16]} e6 {[%emt 0:02:31]} 7. Qe2 {[%emt 0:09:20]} Be7 {[%emt 0:02:59]} 8. Bf4 {[%emt 0:09:08]} d5 {[%emt 0:02:02]} 9. g4 {[%emt 0:08:42]} Bg6 {[%emt 0:00:56]} 10. e5 {[%emt 0:03:42]} Nfd7 {[%emt 0:00:48]} 11. Bxg6 {[%emt 0:03:53]} hxg6 {[%emt 0:02:23]} 12. O-O-O {[%emt 0:04:35]} c5 {[%emt 0:01:35]} 13. dxc5 {[%emt 0:00:09]} Bxc5 {[%emt 0:02:12]} 14. Kb1 {[%emt 0:04:18]} Nc6 {[%emt 0:04:07]} 15. Nb5 {[%emt 0:11:43]} a6 {[%emt 0:02:15]} 16. Nd6+ {[%emt 0:00:17]} Bxd6 {[%emt 0:00:19]} 17. exd6 {[%emt 0:00:04]} Nf6 {[%emt 0:04:57]} 18. c4 {[%emt 0:01:51]} Qa5 {[%emt 0:04:17]} 19. g5 {[%emt 0:09:14]} Nh5 {[%emt 0:05:37]} 20. d7+ {[%emt 0:16:22]} Kd8 {[%emt 0:16:29]} 21. Bh2 {[%emt 0:00:41]} dxc4 {[%emt 0:03:00]} 22. Qxc4 {[%emt 0:03:03]} Qf5+ {[%emt 0:00:13]} 23. Qd3 {[%emt 0:00:04]} Ke7 {[%emt 0:01:46]} 24. Ka1 {[%emt 0:01:04]} Qxd3 {[%emt 0:01:43]} 25. Rxd3 {[%emt 0:00:05]} f6 {[%emt 0:03:20]} 26. Bc7 {[%emt 0:02:24]} e5 {[%emt 0:03:39]} 27. Rhd1 {[%emt 0:00:52]} Nf4 {[%emt 0:00:35]} 28. Rb3 {[%emt 0:00:07]} b5 {[%emt 0:01:42]} 29. Rc3 {[%emt 0:00:44]} Nd8 {[%emt 0:03:35]} 30. Bd6+ {[%emt 0:00:41]} Ke6 {[%emt 0:00:43]} 31. Ba3 {[%emt 0:02:24]} Nb7 {[%emt 0:03:02]} 32. Rc6+ {[%emt 0:00:21]} Kf7 {[%emt 0:06:06]} 33. Rb6 {[%emt 0:00:55]} Nd8 {[%emt 0:01:39]} 34. h4 {[%emt 0:00:23]} Nfe6 {[%emt 0:01:40]} 35. b3 {[%emt 0:00:42]} e4 {[%emt 0:06:12]} 36. Nd4 {[%emt 0:00:04]} Nxd4 {[%emt 0:00:27]} 37. Rxd4 {[%emt 0:00:08]} Rxh4 {[%emt 0:00:21]} 38. gxf6 {[%emt 0:00:21]} gxf6 {[%emt 0:00:29]} 39. Rdd6 {[%emt 0:00:10]} Rf4 {[%emt 0:01:56]} 40. Bc5 {[%emt 0:00:00]} Rf3 {[%emt 0:00:00]} 41. Bd4 {[%emt 0:01:56]} g5 {[%emt 0:14:41]} 42. Bxf6 {[%emt 0:02:16]} g4 {[%emt 0:00:56]} 43. Bh4 {[%emt 0:02:25]} Rh3 {[%emt 0:02:05]} 44. Rh6 {[%emt 0:01:40]} Kg7 {[%emt 0:02:39]} 45. Rhg6+ {[%emt 0:01:25]} Kf7 {[%emt 0:00:57]} 46. Rbf6+ {[%emt 0:00:24]} 1-0

[Event "Mukachevo IM June 2019"]
[Site "Mukachevo"]
[Date "2019.06.26"]
[Round "4.1"]
[White "Sakun, Volodymyr"]
[Black "Priehoda, Vitezslav"]
[Result "1-0"]
[WhiteElo "2349"]
[BlackElo "2361"]
[Annotator "TA"]
[PlyCount "73"]
[EventDate "2019.06.24"]
[EventType "tourn"]
[EventCountry "UKR"]
[SourceTitle "playchess.com"]
[Source "ChessBase"]
[SourceQuality "1"]

{[%evp 20,73,41,37,33,14,29,0,0,0,28,21,38,23,26,19,32,11,16,6,106,95,106,102,98,93,99,108,92,100,90,91,97,85,109,107,152,160,159,140,235,239,530,530,530,529,508,506,872,852,2170,1715,6636,5964,29981,29982]} 1. Nf3 d5 2. d4 c6 3. e3 Bf5 4. c4 e6 5. Nc3 Nf6 6. Nh4 Bg4 7. Qb3 Qb6 8. h3 Bh5 9. g4 Bg6 10. Nxg6 hxg6 11. Bg2 Na6 {D12: Slav Defence: 3 Nf3 Nf6 4 e3 Bf5} 12. Bd2 Be7 13. Qxb6 axb6 {The position is equal.} 14. b3 O-O $146 ({Predecessor:} 14... Nd7 15. Ke2 f5 16. a4 Nb4 17. Rac1 dxc4 18. bxc4 e5 19. Rb1 exd4 20. exd4 {1-0 (38) Malisauskas,V (2425)-Kaunas,K (2155) Kaunas 2016}) 15. Ke2 Rfc8 16. a3 Nc7 17. a4 Rd8 18. Rhc1 Ra7 19. cxd5 (19. f4 {looks sharper.} Nfe8 20. Bf1 g5 21. cxd5 Nxd5 22. Nxd5 exd5 23. Kf3) 19... exd5 (19... Nfxd5 $11 20. Nxd5 exd5) 20. Nb5 $1 $16 {[%cal Rb5a7]} Nxb5 21. axb5 {[%mdl 64] Discovered Attack} Rxa1 22. Rxa1 {Black must now prevent Ra7.} cxb5 23. Ra7 Rd7 24. Kd3 {[%mdl 1024] White has strong compensation.} g5 25. Ra8+ Kh7 26. Rc8 g6 {[#]} 27. f3 $1 Bd6 {[#]} 28. e4 $1 {[%cal Re4e5]} dxe4+ 29. fxe4 Be5 (29... Ng8 $16 {was worth a try.}) 30. d5 $18 Kh6 $2 (30... Ng8 31. Bxg5 f6) 31. Bc3 Bxc3 32. Kxc3 {KRB-KRN} ({Weaker is} 32. Rxc3 Kg7 $16) 32... Kg7 33. Kd4 Nh7 (33... Ng8 $142 34. e5 Ne7) 34. Bf1 Nf8 35. Bxb5 Rd6 36. Ke5 Rf6 {[#]} 37. Rxf8 $1 {[%mdl 512] Accuracy: White = 64%, Black = 24%.} 1-0

[Event "Mukachevo IM June 2019"]
[Site "Mukachevo"]
[Date "2019.06.26"]
[Round "4.2"]
[White "Karelina, Polina"]
[Black "Boricsev, Oleg"]
[Result "0-1"]
[WhiteElo "1718"]
[BlackElo "2252"]
[Annotator "TA"]
[PlyCount "50"]
[EventDate "2019.06.24"]
[EventType "tourn"]
[EventCountry "UKR"]
[SourceTitle "playchess.com"]
[Source "ChessBase"]
[SourceQuality "1"]

{[%evp 10,50,25,9,6,0,-11,-27,-6,-20,-1,-47,-28,-36,-43,-45,-46,-79,-76,-97,-95,-134,-133,-143,-141,-139,-142,-149,-141,-264,-279,-302,-283,-316,-255,-240,-218,-369,-263,-455,-453,-531,-529]} 1. e4 b6 2. d4 Bb7 3. Nc3 e6 4. Nf3 Bb4 5. Bd3 Nf6 6. e5 Ne4 {B00: Queen's Fianchetto Defence, Nimzowitsch Defence} 7. Bxe4 (7. O-O Nxc3 8. bxc3 Bxc3 9. Rb1 Nc6 10. Bg5 Ne7 11. Be2 h6 12. Bh4 g5 13. Bg3 Nf5 14. Qd3 {½-½ (66) Rublevsky,S (2676)-Bacrot,E (2695) Moscow 2007}) 7... Bxc3+ 8. bxc3 Bxe4 {Black has an edge.} 9. Ba3 d6 10. Qe2 Bb7 11. c4 $146 ({Predecessor:} 11. exd6 cxd6 12. Qb5+ Bc6 13. Qb4 Na6 14. Qxd6 Qxd6 15. Bxd6 Bxf3 16. gxf3 {1-0 (27) Hassler,H-Hub,G Unterfranken 1987}) 11... O-O 12. O-O Re8 13. Qe3 Nc6 14. Rad1 Ba6 15. Nd2 {[#]} dxe5 $1 16. dxe5 Qd4 {[%mdl 64] Double Attack} 17. Rfe1 Qxe3 18. Rxe3 Rad8 19. c5 (19. Ree1 $17 {is a better defense.}) 19... Nd4 $19 20. cxb6 axb6 21. Bb2 Nxc2 22. Rc3 Nb4 {[#] Hoping for ...Be2.} 23. a3 $2 (23. Ba3) 23... Nd3 24. Bc1 $2 (24. Rc2 {was necessary.}) 24... Nxc1 25. Rcxc1 Be2 {Accuracy: White = 11%, Black = 74%.} 0-1

[Event "Mukachevo IM June 2019"]
[Site "Mukachevo"]
[Date "2019.06.26"]
[Round "4.3"]
[White "Terletsky, Oleg"]
[Black "Oros, Robert"]
[Result "1/2-1/2"]
[WhiteElo "2318"]
[BlackElo "2321"]
[Annotator "TA"]
[PlyCount "70"]
[EventDate "2019.06.24"]
[EventType "tourn"]
[EventCountry "UKR"]
[SourceTitle "playchess.com"]
[Source "ChessBase"]
[SourceQuality "1"]

{[%evp 9,70,10,10,13,17,21,25,31,32,33,56,0,0,-17,-10,-96,-85,-72,-49,-68,-59,-123,-12,-57,-16,-22,-14,-12,-12,-60,-4,-48,-52,-56,8,-52,-43,-63,8,-41,0,-35,-36,-44,-45,-42,29,0,0,0,14,0,0,0,0,0,0,-5,16,-81,-38,-81,0]} 1. e4 Nf6 2. Nc3 e5 3. Nf3 Bb4 4. Bc4 d6 5. Nd5 Nxd5 6. Bxd5 {C42: Petroff Defence: 3 Nxe5 and unusual White 3rd moves} c6 7. Bb3 O-O (7... Bg4 8. h3 Bh5 9. c3 Ba5 10. d4 Nd7 11. O-O Qe7 12. Bc2 h6 13. a4 {1-0 (42) Hoang,C (2321)-Tu,H (2434) Da Lat 2014}) 8. c3 {White has an edge.} Ba5 9. d4 exd4 10. Qxd4 $146 (10. Nxd4 $14 Nd7 11. O-O) ({Predecessor:} 10. Nxd4 Nd7 11. O-O Nf6 12. Qd3 Re8 13. Bg5 {1-0 (23) Ponomarev,B (2087)-Van der Mark,N (1950) IECC email 2010}) 10... Bb6 $11 11. Qd3 (11. Qd2 {is interesting.} d5 12. O-O dxe4 13. Ng5 e3 14. Qxd8 exf2+ 15. Kh1) 11... Na6 $36 {[%cal Bb8a6,Ba6c5,Bc5e4][%mdl 2080] Black is pushing.} 12. Bg5 (12. Be3 $11) 12... Nc5 $17 13. Qe2 Qe8 14. Bc2 f5 $1 {[%cal Rf5e4]} 15. e5 {[#]} (15. exf5 $1 $15 Qxe2+ 16. Kxe2) 15... d5 (15... dxe5 $1 $17 {Hoping for ...e4.} 16. Nxe5 Ne4 {[%mdl 64] Discovered Attack}) 16. h4 Ne4 17. Be3 $1 Qh5 18. Bxb6 axb6 19. Ng5 Qxe2+ 20. Kxe2 Re8 21. Nf3 Be6 (21... f4 $15) 22. g3 (22. Rhe1 $11) 22... Bf7 $15 23. h5 h6 (23... Nf6 $15 24. h6 Bh5 25. Rxh5 Nxh5 26. hxg7 Nxg7) 24. a3 Nd6 (24... Nf6 $5) 25. Ke3 Nc4+ 26. Kf4 Nxb2 27. a4 Be6 (27... Ra5 $15) 28. Rhb1 Nc4 29. Bd3 Ra6 30. Nd4 Bf7 31. Bxc4 dxc4 32. Nxf5 Bxh5 33. g4 Bg6 34. Rb4 {[#]} (34. Re1 $11) 34... b5 $1 $17 {[%mdl 512]} 35. Rab1 {[#]} (35. axb5 Rxa1) 35... Rxa4 {Accuracy: White = 20%, Black = 34%.} ({Better is} 35... Bxf5 $1 $17 36. gxf5 Rxa4 37. Rxa4 bxa4 38. Rxb7 Ra8) 1/2-1/2